| 000 | 00712nam a22002057a 4500 | ||
|---|---|---|---|
| 999 |
_c180402 _d180402 |
||
| 005 | 20220124122542.0 | ||
| 010 | _aENG-129688 | ||
| 020 |
_c160.00 _a9789390744305 |
||
| 035 | _aEN-113220 | ||
| 037 | _bDBAD/PUB | ||
| 082 | _a000 | ||
| 100 | _aGupta's, R | ||
| 245 |
_aNTA UGC-NET/JRF: _bForensic Science Previous Year's Paper/ _cR. Gupta's |
||
| 250 | _a2022 | ||
| 260 |
_aNew Delhi _bRamesh Publishing House _c2022 |
||
| 270 |
_a12-H, New Daryaganj Road, Opp. Officer's Mess, _bNew Delhi _e110002 _k011-23261567 _minfo@rameshpublishinghouse.com |
||
| 300 |
_a168 p. _c24cm(hbk) |
||
| 500 | _aJunior Research Fellowship & Assistant Professor Eligibility Exam | ||
| 942 |
_2ddc _cEN _h000 _kGUP |
||